000 00996nam a2200277 i 4500
003 DO-SdBNP
005 20250707102743.0
007 ta
008 241017b2001 dr ||||| |||| 00| 0 spa d
040 _aDO-SdBNP
_bspa
_cBNPHU
_erda
041 _aspa
082 4 _axxx
_bxxx
_222
100 _aGallardo Rivas, Gina
_eautor
_4aut.
_952463
245 1 0 _aTráfico de mujeres desde la República Dominicana con fines de explotación sexual /
_cGina Gallardo Rivas
250 _aPrimera edición
264 1 _aSanto Domingo :
_bOrganización Internacional para las Migraciones (OIM)
_bSecretaría de Estado de la Mujer (SEM),
_c2001.
300 _a39 páginas ;
_c21 cm.
336 _atexto
_btxt
_2rdacontent
337 _asin mediación
_bn
_2rdamedia
338 _avolumen
_bnc
_2rdacarrier
500 _aIncluye referencias bibliográficas y notas al pie de las páginas
504 _aBibliografía : páginas 34-37
590 _aInventariado, 2024/BT
910 _aBtavárez
942 _2ddc
_cLF2
999 _c57898
_d57898